विचार का आईना/ (Record no. 200510)

MARC details
000 -LEADER
fixed length control field 01167nam a22002297a 4500
005 - DATE AND TIME OF LATEST TRANSACTION
control field 20240206110243.0
010 ## - LCCN (DPL NO)
LC control number HIN-126798
020 ## - INTERNATIONAL STANDARD BOOK NUMBER
International Standard Book Number 978819565625
Terms of availability 695.00
035 ## - SYSTEM CONTROL NUMBER
System control number HN-99144
037 ## - SOURCE OF ACQUISITION
Source of stock number/acquisition DBAD/PUB
082 ## - DEWEY DECIMAL CLASSIFICATION NUMBER
Classification number 820.08
100 ## - MAIN ENTRY--PERSONAL NAME
Personal name निराला
245 ## - TITLE STATEMENT
Title विचार का आईना/
Statement of responsibility, etc निराला;विवेक निराला द्वारा संपादित
260 ## - PUBLICATION, DISTRIBUTION, ETC. (IMPRINT)
Place of publication, distribution, etc आगरा
Name of publisher, distributor, etc लोकभारती प्रकाशन
Date of publication, distribution, etc 2023
270 ## - ADDRESS
Address पहली मंजिल,दरबारी बिल्डिंग महात्मा गाँधी मार्ग
City प्रयागराज
Postal code 211001
270 ## - ADDRESS
Address 1-बी नेताजी सुभाष मार्ग दरियागंज
City नई दिल्ली
Postal code 110002
300 ## - PHYSICAL DESCRIPTION
Extent 165पृ.;
Dimensions 23 सेमी.(सजिल्द)
700 ## - ADDED ENTRY--PERSONAL NAME
Relator term
9 (RLIN) 61527
710 ## - ADDED ENTRY--CORPORATE NAME
9 (RLIN) 61536
Corporate name or jurisdiction name as entry element विवेक निराला
Relator term संपादक
710 ## - ADDED ENTRY--CORPORATE NAME
Corporate name or jurisdiction name as entry element बद्री नारायण
Relator term शृंखला संपादक
9 (RLIN) 61548
942 ## - ADDED ENTRY ELEMENTS (KOHA)
Source of classification or shelving scheme Dewey Decimal Classification
Item type Hindi Books
Classification part 820.08
Call number suffix निराला
Holdings
Withdrawn status Lost status Not for loan Collection code Home library Current library Date acquired Source of acquisition Cost, normal purchase price Full call number Barcode Copy number Cost, replacement price Koha item type
      Non-fiction Tri Nagar Tri Nagar 01/02/2024 DBAD/PUB 695.00 820.08 निराला HN-99144 1 695.00 Hindi Books

© Delhi Public Library
Hit Counter
free hit counter